[Event "Muensterland Verbandsliga playoff"]
[Site "Germany"]
[Date "2022.03.19"]
[Round "1.1"]
[White "Pohl, Tim"]
[Black "Melkert, Tim"]
[Result "1-0"]
[WhiteElo "1895"]
[BlackElo "1896"]
[PlyCount "111"]
[EventDate "2022.03.19"]
[EventType "team-tourn"]
[EventRounds "3"]
[EventCountry "GER"]
[SourceTitle "EXT 2023"]
[Source "ChessBase"]
[SourceDate "2022.10.05"]
[SourceVersion "1"]
[SourceVersionDate "2022.10.05"]
[SourceQuality "1"]
[WhiteTeam "Telgte"]
[BlackTeam "Nienberge II"]
[WhiteTeamCountry "GER"]
[BlackTeamCountry "GER"]

1. e4 e6 2. Nc3 d5 3. Nf3 Nf6 4. exd5 exd5 5. d4 Bd6 6. Bd3 0-0 7. 0-0 Re8 8. Nb5 Bg4 9. h3 Bh5 10. Nxd6 Qxd6 11. g4 Bg6 12. Bxg6 hxg6 13. Ne5 Nc6 14. Bf4 Nd7 15. Nd3 Qe7 16. c3 Nf8 17. Qf3 Qe2 18. Qxe2 Rxe2 19. Bxc7 Ne6 20. Bg3 Ng5 21. Kg2 Na5 22. Rfe1 Rd2 23. Rad1 Rxd1 24. Rxd1 Nc4 25. Re1 Ne4 26. Bf4 g5 27. Bc1 f5 28. f3 Nf6 29. Bxg5 Kf7 30. Ne5+ Nxe5 31. Rxe5 fxg4 32. hxg4 Rd8 33. Bh4 Rd6 34. Bxf6 gxf6 35. Re2 Ra6 36. b3 b5 37. Kf2 Rc6 38. Rc2 f5 39. Ke3 fxg4 40. fxg4 a5 41. Kf4 b4 42. c4 dxc4 43. bxc4 a4 44. Ke5 a3 45. c5 Rg6 46. c6 Rg5+ 47. Kf4 Rg8 48. c7 Rc8 49. g5 Kg6 50. Rc6+ Kf7 51. Ke5 Ke7 52. d5 Kd7 53. Rd6+ Kxc7 54. Rc6+ Kd7 55. Rxc8 Kxc8 56. g6 1-0

[Event "Muensterland Verbandsliga 2122"]
[Site "Germany"]
[Date "2021.11.13"]
[Round "2.1"]
[White "Teloeken, Daniel"]
[Black "Pohl, Tim"]
[Result "1-0"]
[WhiteElo "1952"]
[BlackElo "1901"]
[PlyCount "83"]
[EventDate "2021.10.02"]
[EventType "team-tourn"]
[EventRounds "2"]
[EventCountry "GER"]
[SourceTitle "EXT 2023"]
[Source "ChessBase"]
[SourceDate "2022.10.05"]
[SourceVersion "1"]
[SourceVersionDate "2022.10.05"]
[SourceQuality "1"]
[WhiteTeam "Suedlohn II"]
[BlackTeam "Telgte"]
[WhiteTeamCountry "GER"]
[BlackTeamCountry "GER"]

1. c4 e5 2. g3 Nc6 3. Bg2 f5 4. Nc3 Nf6 5. a3 Be7 6. b4 a5 7. b5 Nd4 8. e3 Ne6 9. Nge2 0-0 10. 0-0 f4 11. exf4 exf4 12. d4 Nh5 13. Qd3 fxg3 14. hxg3 Rb8 15. Nd5 d6 16. Be3 b6 17. Nec3 Kh8 18. Be4 Nf6 19. Nxf6 Bxf6 20. Nd5 h6 21. Kg2 Bb7 22. Rae1 Ng5 23. Bxg5 Bxg5 24. f4 Bf6 25. Ne3 Bxe4+ 26. Qxe4 Qe8 27. Qd3 c5 28. dxc5 dxc5 29. Nd5 Qd7 30. Re4 Rbe8 31. Rfe1 Rxe4 32. Qxe4 Qd6 33. a4 Rd8 34. Qf5 Rb8 35. Re6 Qd8 36. Nxf6 gxf6 37. Rxf6 Rb7 38. Rf8+ Qxf8 39. Qxf8+ Kh7 40. Qf5+ Kg7 41. Qe5+ Kf8 42. Qh8+ 1-0